Statistiken für Wortgemisch-Städte in NRW

Klicken Sie hier um das Quiz zu spielen!

Allgemein

  • Dieses Quiz wurde 174 mal gespielt
  • Das Durchschnittsergebnis liegt bei 11 aus 12

Antwortstatistiken

HintAntwort% Korrekt
elBfdelieBielefeld
100%
hcouBmBochum
100%
EsensEssen
100%
löKnKöln
100%
nonBBonn
99%
lrsüdDeofsDüsseldorf
99%
tsnüeMrMünster
98%
igeenSSiegen
97%
lseWeWesel
97%
na erd ruhR iheülMmMülheim an der Ruhr
90%
OelpOlpe
90%
rEkhcinseuEuskirchen
57%

Verteilung der Resultate

Perzentil nach korrekt beantworteten Fragen

Anzahl Personen mit jedem Resultat

Ihre Resultats-Entwicklung

Sie haben dieses Quiz noch nicht gespielt